000
00316nam a22001337a 4500
003
SGT
020
_a
978-93-85915-76-5
082
_a
641.5
_b
MIS
100
_a
MISHRA, RAJEEV. R.
245
_a
MANAGING HOTEL FRONT OFFICE OPERATIONS
260
_a
NEW DELHI
_b
CBS PUB.
_c
2016
300
_a
582
942
_2
ddc
_c
BK
_0
12
999
_c
22732
_d
22732